000 00629nam a2200205 a 4500
005 20140310183212.0
008 030424s19uu xx 00 eng d
020 _a0876201273
050 _aHD 31
_b.C4579 1980
100 _aChang, Y. N.
245 _aBusiness policy and strategy :
_btext & cases /
_cY. N. Chang.
260 _aSanta Monica, California :
_bGoodyear Publication Co., Inc,
_c1980.
300 _a695 p. :
_bill ;
_c24 cm.
521 _aBSBA
546 _aC2350
650 _aManagement
650 _aCorporate Planning
650 _aIndustrial management
_xUnited States
_xCase Studies.
942 _cBK
_2lcc
_kFOR
999 _c20159
_d20159